[Event "22nd Open"]
[Site "Cappelle la Grande FRA"]
[Date "2006.02.22"]
[Round "6"]
[White "Tissir,M"]
[Black "Ovetchkin,R"]
[Result "0-1"]
[WhiteElo "2444"]
[BlackElo "2539"]
[EventDate "2006.02.18"]

1. e4 c6 2. Nc3 d5 3. Qe2 d4 4. Nd1 e5 5. Nf3 Bd6 6. g3 c5 7. Bg2 Nc6 8.
O-O g5 9. d3 h6 10. Nd2 Nf6 11. Nc4 Bc7 12. a4 Rg8 13. Kh1 Qe7 14. Bd2 Be6
15. f4 gxf4 16. gxf4 exf4 17. Bxf4 Bxf4 18. Rxf4 O-O-O 19. Nf2 Nd7 20. Bh3
Nde5 21. Nxe5 Nxe5 22. Qh5 Qg5 23. Qxg5 hxg5 24. Bxe6+ fxe6 25. Rf6 Kd7 26.
Rf1 Rh8 27. Kg1 Ke7 28. Nh1 Rh7 29. R6f2 Rdh8 30. Rg2 g4 31. Rf4 Rh3 32.
Kf1 Rf3+ 33. Rxf3 gxf3 34. Rg7+ Kf6 35. Rxb7 Ng4 0-1

[Event "22nd Open"]
[Site "Cappelle la Grande FRA"]
[Date "2006.02.22"]
[Round "6"]
[White "Dimitrov,R"]
[Black "San Emeterio Cabanes,J"]
[Result "1-0"]
[WhiteElo "2133"]
[BlackElo "2398"]
[EventDate "2006.02.18"]

1. c4 Nf6 2. Nc3 g6 3. g3 Bg7 4. Bg2 O-O 5. e3 d6 6. Nge2 e5 7. O-O Re8 8.
d3 Nc6 9. a3 Be6 10. Nd5 Qd7 11. Nec3 Nd8 12. e4 c6 13. Nxf6+ Bxf6 14. Be3
Bg7 15. Qe2 Bh3 16. f4 Bxg2 17. Qxg2 exf4 18. gxf4 f5 19. Rae1 Nf7 20. h4
Nh6 21. Bd2 Re6 22. exf5 Rxe1 23. Rxe1 Nxf5 24. h5 gxh5 25. Ne4 Kh8 26. Bc3
Nd4 27. Ng5 Re8 28. Re4 c5 29. Qh3 Rd8 30. Qxd7 Rxd7 31. Re8+ Bf8 32. Rxf8+
Kg7 33. Ne6+ Kg6 34. Bxd4 cxd4 35. f5+ 1-0

[Event "22nd Open"]
[Site "Cappelle la Grande FRA"]
[Date "2006.02.22"]
[Round "6"]
[White "Bykhovsky,Av"]
[Black "Epishin,V"]
[Result "1/2-1/2"]
[WhiteElo "2464"]
[BlackElo "2553"]
[EventDate "2006.02.18"]

1. d4 Nf6 2. c4 e6 3. Nf3 b6 4. g3 Ba6 5. b3 Bb7 6. Bg2 Bb4+ 7. Bd2 a5 8.
O-O O-O 9. a3 Bxd2 10. Qxd2 d6 11. Nc3 Nbd7 12. Nh4 Bxg2 13. Nxg2 e5 14. d5
g6 15. b4 Nh5 16. e4 Ng7 17. f3 f5 18. Rae1 f4 19. g4 h5 20. h3 hxg4 21.
hxg4 Nf6 22. b5 Qd7 23. Qd1 Qe7 24. Nb1 Nge8 25. Nd2 Nh7 26. Kf2 Kg7 27.
Rh1 Rh8 28. Rh4 Nef6 29. Reh1 Ng5 30. Rxh8 Rxh8 31. Rxh8 Kxh8 32. Qh1+ Kg8
33. Ne1 Nd7 34. Nd3 Nf7 35. a4 Ng5 1/2-1/2

[Event "22nd Open"]
[Site "Cappelle la Grande FRA"]
[Date "2006.02.22"]
[Round "6"]
[White "Vinsot,R"]
[Black "Jakobsen,O"]
[Result "1-0"]
[WhiteElo "2123"]
[BlackElo "2395"]
[EventDate "2006.02.18"]

1. d4 Nf6 2. c4 e6 3. Nf3 d5 4. Bg5 Nbd7 5. e3 Be7 6. Nc3 O-O 7. Rc1 a6 8.
c5 c6 9. Qc2 h6 10. h4 Ne8 11. Bf4 b6 12. b4 a5 13. a3 axb4 14. axb4 bxc5
15. bxc5 Ba6 16. g4 Bxf1 17. Kxf1 f5 18. g5 h5 19. Kg2 g6 20. Rb1 Ra7 21.
Na4 Nc7 22. Nb6 Nb5 23. Nxd7 Qxd7 24. Ne5 Qe8 25. Ra1 Rc7 26. Ra6 Kh7 27.
Rha1 Rc8 28. Qd3 Bd8 29. Nxc6 Nc7 30. Rb6 Na8 31. Rb7+ Rf7 32. Nxd8 Rxd8
33. Raa7 1-0

[Event "22nd Open"]
[Site "Cappelle la Grande FRA"]
[Date "2006.02.22"]
[Round "6"]
[White "Gutman,G"]
[Black "Marzolo,C"]
[Result "1/2-1/2"]
[WhiteElo "2517"]
[BlackElo "2393"]
[EventDate "2006.02.18"]

1. d4 Nf6 2. Nf3 e6 3. c4 c5 4. d5 exd5 5. cxd5 g6 6. Nc3 d6 7. e4 a6 8.
Bd3 Bg4 9. h3 Bxf3 10. Qxf3 Bg7 11. a4 O-O 12. O-O Nbd7 13. Qd1 Re8 14. Re1
Qc7 15. a5 c4 16. Bc2 Nc5 17. Be3 Nfd7 18. f4 Rab8 19. Kh2 b5 20. axb6 Rxb6
21. Na4 Nxa4 22. Bxa4 Rxb2 23. Bd4 Bxd4 24. Qxd4 Reb8 25. Bxd7 Qxd7 26.
Qxc4 Rc8 27. Qa4 Qxa4 28. Rxa4 Rcc2 29. Rg1 Re2 30. Rxa6 Rxe4 31. Rf1 Ree2
32. Rg1 Re4 1/2-1/2

[Event "22nd Open"]
[Site "Cappelle la Grande FRA"]
[Date "2006.02.22"]
[Round "6"]
[White "Yacob,F"]
[Black "Zhigalko,A"]
[Result "0-1"]
[WhiteElo "2163"]
[BlackElo "2505"]
[EventDate "2006.02.18"]

1. e4 c5 2. Nf3 e6 3. d4 cxd4 4. Nxd4 a6 5. Nc3 b5 6. Be3 Bb7 7. Bd3 d6 8.
f4 Nd7 9. f5 e5 10. Nb3 Ngf6 11. Qf3 Rc8 12. O-O-O Be7 13. Kb1 O-O 14. g4
Rxc3 15. bxc3 d5 16. g5 dxe4 17. Qh3 Nd5 18. f6 Nxc3+ 19. Kb2 Nxd1+ 20.
Rxd1 exd3 21. Rxd3 Bc8 22. fxe7 Qxe7 23. Qg2 e4 24. Rd5 Re8 25. Qf2 Ne5 26.
Bf4 Nc4+ 27. Kb1 e3 28. Qe2 Bg4 29. Qxg4 e2 30. Bg3 Qa3 0-1

[Event "22nd Open"]
[Site "Cappelle la Grande FRA"]
[Date "2006.02.22"]
[Round "6"]
[White "Jaracz,P"]
[Black "Bruned,Y"]
[Result "1-0"]
[WhiteElo "2486"]
[BlackElo "2301"]
[EventDate "2006.02.18"]

1. d4 Nf6 2. c4 e6 3. Nf3 b6 4. Nc3 Bb4 5. Bg5 h6 6. Bh4 Bb7 7. Qc2 g5 8.
Bg3 Ne4 9. Be5 f6 10. d5 exd5 11. cxd5 Bxc3+ 12. Bxc3 Nxc3 13. Qxc3 Bxd5
14. O-O-O Be6 15. h4 g4 16. Nd4 Qe7 17. Qxc7 Kf7 18. Kb1 Na6 19. Qf4 Rac8
20. e3 Nb4 21. Nxe6 dxe6 22. Bc4 h5 23. a3 Nc6 24. Rd6 Nd8 25. Rhd1 Rc7 26.
Bb5 Kg6 27. Rd7 Rxd7 28. Rxd7 Qc5 29. Bd3+ f5 30. Qg5+ 1-0

[Event "22nd Open"]
[Site "Cappelle la Grande FRA"]
[Date "2006.02.22"]
[Round "6"]
[White "Firman,N"]
[Black "Brodsky,M"]
[Result "1/2-1/2"]
[WhiteElo "2468"]
[BlackElo "2581"]
[EventDate "2006.02.18"]

1. e4 c5 2. Nf3 d6 3. d4 cxd4 4. Nxd4 Nf6 5. Nc3 Nc6 6. Bg5 e6 7. Qd2 Be7
8. O-O-O Qb6 9. f3 Qxd4 10. Qxd4 Nxd4 11. Rxd4 a6 12. Rd1 h6 13. Bxf6 gxf6
14. Bc4 Rg8 15. g3 Bd7 16. f4 Rc8 17. Bb3 h5 18. f5 Rc5 19. Rhf1 Rg4 20.
Rf4 b5 21. Rd4 Re5 22. a4 Bc6 23. axb5 axb5 24. Nd1 Rxf4 25. gxf4 Rxe4 26.
Rxe4 Bxe4 27. fxe6 fxe6 28. Bxe6 d5 29. Nc3 b4 30. Bxd5 1/2-1/2

[Event "22nd Open"]
[Site "Cappelle la Grande FRA"]
[Date "2006.02.22"]
[Round "6"]
[White "Psakhis,L"]
[Black "Khmelniker,I"]
[Result "1-0"]
[WhiteElo "2534"]
[BlackElo "2430"]
[EventDate "2006.02.18"]

1. c4 Nf6 2. Nf3 g6 3. Nc3 d5 4. Qa4+ Bd7 5. Qb3 dxc4 6. Qxc4 a6 7. d4 b5
8. Qb3 Bg7 9. e4 O-O 10. e5 Be6 11. exf6 Bxb3 12. fxg7 Kxg7 13. axb3 Nc6
14. Be3 Nb4 15. Rc1 Qd7 16. Be2 Qe6 17. d5 Nxd5 18. Nd4 Qd6 19. Nxd5 Qxd5
20. Bf3 Qd6 21. Bxa8 Rxa8 22. O-O Kg8 23. Nc6 e5 24. b4 Re8 25. Rfd1 Qe6
26. h3 Qb3 27. Bh6 Qe6 28. Rc5 f6 29. Nd8 1-0

[Event "22nd Open"]
[Site "Cappelle la Grande FRA"]
[Date "2006.02.22"]
[Round "6"]
[White "Pintor,A"]
[Black "Ovod,E"]
[Result "0-1"]
[WhiteElo "2061"]
[BlackElo "2366"]
[EventDate "2006.02.18"]

1. e4 c5 2. d3 Nc6 3. g3 g6 4. Bg2 Bg7 5. c3 e6 6. Be3 b6 7. f4 Nge7 8. Nf3
Bb7 9. O-O O-O 10. Na3 d6 11. Nc2 Qd7 12. d4 cxd4 13. Nfxd4 f5 14. exf5
gxf5 15. Rf2 Na5 16. Na3 Be4 17. Ndb5 Nd5 18. Bd4 e5 19. Bxe4 fxe4 20. Bxe5
dxe5 21. Rd2 Rad8 22. c4 Nxc4 23. Nxc4 Qxb5 24. Rc1 exf4 25. b4 e3 26. a4
Qd7 27. Rd3 f3 28. Nxe3 f2+ 0-1

[Event "22nd Open"]
[Site "Cappelle la Grande FRA"]
[Date "2006.02.22"]
[Round "6"]
[White "Hole,O"]
[Black "Decoster,F"]
[Result "1/2-1/2"]
[WhiteElo "2370"]
[BlackElo "2145"]
[EventDate "2006.02.18"]

1. Nf3 Nf6 2. c4 g6 3. Nc3 Bg7 4. e4 d6 5. d4 O-O 6. Be2 Bg4 7. h3 Bxf3 8.
Bxf3 Nfd7 9. Be3 Nc6 10. Qd2 e5 11. d5 Nd4 12. Ne2 Nxf3+ 13. gxf3 Qf6 14.
Ng1 Qe7 15. O-O-O f5 16. exf5 Rxf5 17. h4 e4 18. f4 Nc5 19. Bxc5 dxc5 20.
Ne2 Raf8 21. Rdg1 Qf6 22. h5 Rxh5 23. Rxh5 gxh5 24. Ng3 Qg6 25. Qd1 Qf6 26.
Qd2 Qg6 27. Qd1 Qf6 1/2-1/2

[Event "22nd Open"]
[Site "Cappelle la Grande FRA"]
[Date "2006.02.22"]
[Round "6"]
[White "Burg,T"]
[Black "Sarakauskas,G"]
[Result "1-0"]
[WhiteElo "2231"]
[BlackElo "2453"]
[EventDate "2006.02.18"]

1. e4 e6 2. d4 d5 3. Nd2 c5 4. exd5 Qxd5 5. Ngf3 cxd4 6. Bc4 Qd6 7. O-O Nf6
8. Nb3 Nc6 9. Nbxd4 Nxd4 10. Nxd4 a6 11. Re1 Qc7 12. Qe2 Bd6 13. Bg5 O-O
14. Bxf6 gxf6 15. Qg4+ Kh8 16. Qh4 Be7 17. Nf5 exf5 18. Re3 Rg8 19. Bxf7
Rg7 20. Qxf6 Bd7 21. Rxe7 Qc6 22. Qxg7+ Kxg7 23. Bd5+ Kf6 24. Rf7+ Kg6 25.
Bxc6 Bxc6 26. Re7 Rd8 27. Rae1 1-0

[Event "22nd Open"]
[Site "Cappelle la Grande FRA"]
[Date "2006.02.22"]
[Round "6"]
[White "Li Shilong"]
[Black "Stopa,Ja"]
[Result "1-0"]
[WhiteElo "2543"]
[BlackElo "2464"]
[EventDate "2006.02.18"]

1. d4 d5 2. c4 c6 3. Nc3 Nf6 4. Nf3 e6 5. Bg5 h6 6. Bh4 dxc4 7. e4 g5 8.
Bg3 b5 9. Be2 Bb7 10. e5 Nh5 11. a4 b4 12. Ne4 c5 13. Nfd2 Nxg3 14. Nf6+
Ke7 15. fxg3 Nd7 16. Nxc4 cxd4 17. O-O Bg7 18. Bh5 Rf8 19. Nd6 Nxe5 20.
Nxb7 Qb6 21. a5 Qxb7 22. Qxd4 Nd7 23. Rad1 Bxf6 24. Qd6+ Ke8 25. Qxe6+ Be7
26. Rxf7 1-0

[Event "22nd Open"]
[Site "Cappelle la Grande FRA"]
[Date "2006.02.22"]
[Round "6"]
[White "Van der Weide,K"]
[Black "Yevseev,D"]
[Result "0-1"]
[WhiteElo "2466"]
[BlackElo "2557"]
[EventDate "2006.02.18"]

1. e4 c6 2. d4 d5 3. e5 Bf5 4. Nc3 e6 5. g4 Bg6 6. Nge2 c5 7. Be3 cxd4 8.
Nxd4 Bb4 9. Qd2 Ne7 10. a3 Ba5 11. Ndb5 O-O 12. Bg2 Nbc6 13. f4 Rc8 14. Rd1
a6 15. Nd6 Rc7 16. b4 Nxb4 17. axb4 Bxb4 18. O-O Bxc3 19. Qe2 d4 20. Bxd4
Bxc2 21. Bb6 Bxd1 22. Rxd1 Qb8 23. f5 Nc8 24. Qe3 Nxb6 0-1

[Event "22nd Open"]
[Site "Cappelle la Grande FRA"]
[Date "2006.02.22"]
[Round "6"]
[White "Bernard,C"]
[Black "Gdanski,J"]
[Result "0-1"]
[WhiteElo "2324"]
[BlackElo "2540"]
[EventDate "2006.02.18"]

1. Nf3 c5 2. c4 g6 3. d4 Bg7 4. Nc3 cxd4 5. Nxd4 Nc6 6. e3 Nf6 7. Nc2 O-O
8. Be2 d6 9. O-O Bf5 10. Nd4 Nxd4 11. exd4 d5 12. g4 Be6 13. g5 Ne4 14.
Nxd5 Bh3 15. Re1 e6 16. Nc3 Nxg5 17. Be3 Bf5 18. Qd2 Nh3+ 19. Kh1 Qh4 20.
Bf3 Rad8 21. Rad1 Rd7 22. d5 Be5 23. Bd4 Bf4 24. Be3 Bxh2 0-1

[Event "22nd Open"]
[Site "Cappelle la Grande FRA"]
[Date "2006.02.22"]
[Round "6"]
[White "Polard,G"]
[Black "Moroz,A"]
[Result "0-1"]
[WhiteElo "2173"]
[BlackElo "2506"]
[EventDate "2006.02.18"]

1. e4 c5 2. Nf3 e6 3. d4 cxd4 4. Nxd4 a6 5. Nc3 Qc7 6. Bd3 b5 7. O-O Bb7 8.
Be3 Nf6 9. a3 Be7 10. f4 d6 11. Qf3 Nbd7 12. Kh1 O-O 13. Rae1 Nc5 14. Bg1
Rfe8 15. Qh3 Bf8 16. Nf3 e5 17. Bxc5 Qxc5 18. fxe5 dxe5 19. Ng5 h6 20. Nd5
Nxd5 21. exd5 Bxd5 22. Rxf7 e4 23. Nxe4 Bxf7 0-1

[Event "22nd Open"]
[Site "Cappelle la Grande FRA"]
[Date "2006.02.23"]
[Round "7"]
[White "Sorokin,M"]
[Black "Jakubowski,K"]
[Result "1/2-1/2"]
[WhiteElo "2560"]
[BlackElo "2504"]
[EventDate "2006.02.18"]

1. d4 Nf6 2. Nf3 d6 3. g3 Bg4 4. Bg2 Nbd7 5. c4 c6 6. Nc3 e5 7. O-O Bxf3 8.
Bxf3 Be7 9. d5 c5 10. e4 h5 11. h4 a6 12. Rb1 g6 13. Bg2 Nh7 14. Bh3 Nhf8
15. f4 Bf6 16. Qf3 Qe7 17. b4 cxb4 18. Rxb4 Rb8 19. Rb2 exf4 20. gxf4 Bd4+
21. Kh1 Qxh4 22. Rd2 Bg7 23. Rh2 Qe7 24. Ba3 Bxc3 25. Qxc3 f6 26. Re2 b5
27. cxb5 Rxb5 28. e5 fxe5 29. fxe5 1/2-1/2

[Event "22nd Open"]
[Site "Cappelle la Grande FRA"]
[Date "2006.02.23"]
[Round "7"]
[White "Baklan,V"]
[Black "Vazquez,R"]
[Result "1-0"]
[WhiteElo "2601"]
[BlackElo "2513"]
[EventDate "2006.02.18"]

1. e4 c5 2. Nf3 e6 3. c3 d5 4. e5 d4 5. cxd4 cxd4 6. Bb5+ Bd7 7. Qe2 Nc6 8.
O-O a6 9. Bxc6 Bxc6 10. d3 Ne7 11. Nbd2 Nf5 12. Ne4 h6 13. Bd2 h5 14. Rac1
Be7 15. a3 h4 16. Rfe1 g6 17. h3 Kf8 18. Bg5 Bxg5 19. Nfxg5 a5 20. Qd2 Kg7
21. Qf4 Qb6 22. Nd6 Raf8 23. Nxf5+ gxf5 24. Nf3 Rh6 25. Qxd4 Qd8 26. Qf4
Rfh8 27. Nd4 Bd5 28. Re2 Rg6 29. f3 Qb6 30. Kh1 Qa6 31. Rd2 Qb6 32. Re2 Qa6
33. Rc3 b5 34. Rc5 Rd8 35. Qxh4 Rh8 36. Qe7 b4 37. Rxd5 bxa3 38. Rd7 a2 39.
Re1 Qxd3 40. Nxe6+ 1-0

[Event "22nd Open"]
[Site "Cappelle la Grande FRA"]
[Date "2006.02.23"]
[Round "7"]
[White "Zhigalko,S"]
[Black "Yagupov,I"]
[Result "1/2-1/2"]
[WhiteElo "2496"]
[BlackElo "2534"]
[EventDate "2006.02.18"]

1. e4 c5 2. Nf3 e6 3. c3 Nf6 4. e5 Nd5 5. Bc4 d6 6. d4 cxd4 7. cxd4 Nc6 8.
O-O Be7 9. Qe2 O-O 10. Re1 a6 11. Nc3 Nxc3 12. bxc3 dxe5 13. dxe5 b5 14.
Bd3 Bb7 15. a4 b4 16. Rb1 a5 17. Qe4 g6 18. Bh6 Re8 19. Bb5 Qd5 20. Qf4
Red8 21. Bc4 Qc5 22. cxb4 axb4 23. Ng5 Bxg5 24. Qxg5 Nd4 25. Bd3 f5 26.
Rec1 Qd5 27. Bc4 Qxe5 28. Re1 Be4 29. Qe7 Re8 30. Qg5 Rxa4 31. Rbd1 b3 32.
Rxe4 Qxe4 33. Qf6 Ra7 34. Be3 Qg4 35. Qxd4 Qxd4 36. Bxd4 Rb7 37. Bb2 Kf7
38. Rd6 Rc7 39. Bd3 Rb7 40. f4 Ree7 41. Kf2 Red7 1/2-1/2

[Event "22nd Open"]
[Site "Cappelle la Grande FRA"]
[Date "2006.02.23"]
[Round "7"]
[White "Ovetchkin,R"]
[Black "Bitalzadeh,A"]
[Result "1-0"]
[WhiteElo "2539"]
[BlackElo "2270"]
[EventDate "2006.02.18"]

1. e4 c5 2. Nf3 d6 3. Bb5+ Nd7 4. c3 Ngf6 5. Qe2 a6 6. Ba4 e5 7. O-O b5 8.
Bc2 Be7 9. d4 O-O 10. Rd1 Qc7 11. dxe5 dxe5 12. a4 Rb8 13. axb5 axb5 14. c4
b4 15. Nbd2 Nh5 16. g3 g6 17. Nf1 Ng7 18. Ne3 Qb7 19. Nd5 Bd8 20. Ba4 f6
21. Bb5 Ne6 22. Bh6 Rf7 23. Ra6 Nc7 24. Nxc7 Bxc7 25. Rc6 Qa7 26. Be3 Bb6
27. Rdd6 Bb7 28. Qd1 Bxc6 29. Bxc6 Nf8 30. Bd5 Kg7 31. Bxf7 Qxf7 32. Qd5
Qxd5 33. exd5 Rb7 34. Nd2 f5 35. Kf1 Nd7 36. f3 Bd8 37. Nb3 Be7 38. Rc6 Ra7
39. d6 Bf6 40. Rc7 Rxc7 41. dxc7 Nb6 42. Nxc5 Nc8 43. Nd7 1-0

[Event "22nd Open"]
[Site "Cappelle la Grande FRA"]
[Date "2006.02.23"]
[Round "7"]
[White "Drozdovskij,Y"]
[Black "Malakhatko,V"]
[Result "1-0"]
[WhiteElo "2509"]
[BlackElo "2556"]
[EventDate "2006.02.18"]

1. d4 d5 2. c4 c6 3. cxd5 cxd5 4. Nc3 Nf6 5. Nf3 Nc6 6. Bf4 Bf5 7. Qb3 Na5
8. Qa4+ Bd7 9. Qc2 Rc8 10. e3 e6 11. Bd3 Be7 12. O-O O-O 13. Ne5 h6 14. Qe2
Nc6 15. Rac1 Be8 16. a3 a6 17. Rfd1 Nd7 18. Nxc6 Rxc6 19. e4 Nb6 20. Bb1
Bg5 21. Be3 Bxe3 22. fxe3 f5 23. exf5 exf5 24. Rf1 Rcf6 25. Rf2 g6 26. Qf3
Kg7 27. Ne2 Bc6 28. Nf4 Qe8 29. h4 h5 30. Ba2 R8f7 31. Rc3 Rd7 32. Qg3 Kh7
33. Qg5 Rdf7 34. Rf3 Rd6 1-0

[Event "22nd Open"]
[Site "Cappelle la Grande FRA"]
[Date "2006.02.23"]
[Round "7"]
[White "Zhigalko,A"]
[Black "Li Shilong"]
[Result "1-0"]
[WhiteElo "2505"]
[BlackElo "2543"]
[EventDate "2006.02.18"]

1. e4 e6 2. d4 d5 3. Nc3 Nf6 4. e5 Nfd7 5. f4 c5 6. Nf3 Nc6 7. Be3 Be7 8.
Qd2 O-O 9. dxc5 Nxc5 10. O-O-O Qa5 11. Kb1 Bd7 12. Nxd5 exd5 13. Qxa5 Nxa5
14. Bxc5 Bxc5 15. Rxd5 Be3 16. Rxd7 Rfd8 17. Bb5 Rxd7 18. Bxd7 Bxf4 19. g3
Bh6 20. Rd1 Kf8 21. Ba4 a6 22. c3 b5 23. Bc2 Nc4 24. Be4 Rb8 25. b3 Nb6 26.
Rd6 g6 27. Rc6 a5 28. Kc2 Bg7 29. Rc7 Kg8 30. Bc6 b4 31. c4 Bf8 32. Ng5 Rc8
33. Rxc8 Nxc8 34. Bd5 Kg7 35. Nxf7 Bc5 36. Nd8 Bg1 37. h3 Bh2 38. Nc6 Bxg3
39. e6 Kf6 40. Nxa5 Ne7 41. Kd3 Ke5 42. Nb7 Bh4 43. Bf3 Kxe6 44. c5 Nd5 45.
Kc4 Nc3 46. Kxb4 Nxa2+ 47. Kc4 Be1 48. Bg4+ Ke7 49. c6 Bg3 50. b4 h5 51.
Bf3 Nxb4 52. Kxb4 Kf6 53. Kc5 Bc7 54. Nd6 Kg5 55. Kd5 Kh4 56. Bg2 Kg3 57.
Bf1 g5 58. Ne4+ Kh4 59. Nf6 g4 60. hxg4 hxg4 61. Ke4 Ba5 62. Kf5 g3 63. Bg2
Bd8 64. Nd5 Kh5 65. c7 Bxc7 66. Nxc7 Kh6 67. Kf6 Kh7 68. Ne6 Kh8 69. Kf7
Kh7 70. Ng5+ Kh6 71. Kf6 Kh5 72. Ne4 Kh6 73. Nxg3 Kh7 74. Ne4 Kh8 75. Ng5
Kg8 76. Nf7 Kf8 77. Be4 Kg8 78. Bf5 Kf8 79. Bh7 Ke8 80. Ne5 Kd8 81. Ke6 Kc7
82. Nd7 Kc6 83. Bd3 1-0

[Event "22nd Open"]
[Site "Cappelle la Grande FRA"]
[Date "2006.02.23"]
[Round "7"]
[White "Gashimov,V"]
[Black "Vysochin,S"]
[Result "1/2-1/2"]
[WhiteElo "2625"]
[BlackElo "2551"]
[EventDate "2006.02.18"]

1. e4 e6 2. d4 d5 3. Nc3 Nf6 4. Bg5 dxe4 5. Nxe4 Nbd7 6. Nf3 h6 7. Bh4 c5
8. Nxf6+ Nxf6 9. c3 cxd4 10. Ne5 Qa5 11. Qxd4 Bc5 12. Qf4 Bd6 13. Bg3 O-O
14. Nc4 Bxf4 15. Nxa5 Bxg3 16. hxg3 b6 17. Nc4 Bb7 18. f3 Rfd8 19. Be2 Rac8
20. Ne3 Kf8 21. Rh4 Nd5 22. Nxd5 Rxd5 23. Rd1 Ke7 24. Rhd4 1/2-1/2

[Event "22nd Open"]
[Site "Cappelle la Grande FRA"]
[Date "2006.02.23"]
[Round "7"]
[White "Goloshchapov,A"]
[Black "Luther,T"]
[Result "1-0"]
[WhiteElo "2533"]
[BlackElo "2569"]
[EventDate "2006.02.18"]

1. e4 e6 2. d4 d5 3. Nc3 Bb4 4. e5 c5 5. a3 Ba5 6. Bd2 cxd4 7. Nb5 Nc6 8.
f4 Nh6 9. Nd6+ Kf8 10. Nf3 f6 11. Bd3 Nf7 12. Nxf7 Kxf7 13. O-O Bb6 14. Qe2
Kg8 15. exf6 gxf6 16. Ne5 Qe7 17. Rae1 Qg7 18. Qh5 Ne7 19. Rf3 Ng6 20. Rg3
fxe5 21. fxe5 Kf7 22. Bh6 Qg8 23. Bxg6+ hxg6 24. Rxg6 Ke8 1-0

[Event "22nd Open"]
[Site "Cappelle la Grande FRA"]
[Date "2006.02.23"]
[Round "7"]
[White "Azarov,S"]
[Black "Moiseenko,A1"]
[Result "1-0"]
[WhiteElo "2581"]
[BlackElo "2657"]
[EventDate "2006.02.18"]

1. e4 c5 2. Nf3 Nc6 3. d4 cxd4 4. Nxd4 Nf6 5. Nc3 e5 6. Ndb5 d6 7. Bg5 a6
8. Na3 b5 9. Bxf6 gxf6 10. Nd5 f5 11. c3 Bg7 12. exf5 Bxf5 13. Nc2 O-O 14.
Nce3 Bg6 15. h4 h6 16. g4 b4 17. Bg2 bxc3 18. bxc3 e4 19. Nf5 Re8 20. O-O
Bxf5 21. gxf5 Qxh4 22. f6 Bf8 23. Qa4 Ne5 24. Qxe4 Qxe4 25. Bxe4 Rac8 26.
f3 Rc5 27. Rab1 Nc4 28. Rf2 Rb5 29. Rb4 Ne5 30. Rg2+ Kh8 31. Rgb2 Nc4 32.
Rxb5 axb5 33. Rxb5 Nd2 34. a4 h5 35. Nc7 Re5 36. Rb8 Rg5+ 37. Kh1 Rg8 38.
Nd5 1-0

[Event "22nd Open"]
[Site "Cappelle la Grande FRA"]
[Date "2006.02.23"]
[Round "7"]
[White "Hebden,M"]
[Black "Guseinov,V"]
[Result "1/2-1/2"]
[WhiteElo "2514"]
[BlackElo "2123"]
[EventDate "2006.02.18"]

1. d4 Nf6 2. Nf3 g6 3. Nc3 d5 4. Bf4 Bg7 5. e3 O-O 6. Be2 c5 7. Ne5 cxd4 8.
exd4 Nfd7 9. Nf3 Nf6 10. Ne5 Nfd7 1/2-1/2

[Event "22nd Open"]
[Site "Cappelle la Grande FRA"]
[Date "2006.02.23"]
[Round "7"]
[White "Ionov,S"]
[Black "Sasikiran,K"]
[Result "1/2-1/2"]
[WhiteElo "2527"]
[BlackElo "2670"]
[EventDate "2006.02.18"]

1. d4 Nf6 2. c4 g6 3. g3 c6 4. Nf3 Bg7 5. Bg2 O-O 6. Nc3 d5 7. Qb3 dxc4 8.
Qxc4 Bf5 9. O-O Nbd7 10. Bf4 Qb6 11. Na4 Qa5 12. Bd2 Nb6 13. Nxb6 Qxb6 14.
Bc3 Ne4 15. e3 Rac8 16. Qb3 Qa6 17. Nd2 Nxc3 18. bxc3 b6 19. a4 e5 20. Nf3
exd4 21. cxd4 Qa5 22. Rfc1 Be4 23. Ne1 Bxg2 24. Kxg2 c5 25. Nf3 Qa6 26.
Rab1 cxd4 27. Nxd4 Qb7+ 28. Kg1 Qe4 29. Nb5 Qe7 30. Rxc8 Rxc8 31. Rd1 h5
32. h4 Be5 33. Nd4 Rc5 34. Nf3 Bf6 35. Nd4 Qe4 36. Kf1 Qg4 37. Ne2 Be5 38.
Rc1 Qe4 39. Kg1 Kg7 40. Rd1 Qg4 41. Nf4 Qf3 42. Qd3 a6 43. Qd7 Bxf4 44.
exf4 Rc4 45. Re1 a5 46. Qd6 Rb4 47. Qe5+ Kh7 48. Qf6 Qd5 49. Kh2 Qf5 50.
Qc3 Qc5 51. Qxc5 bxc5 52. Re5 Rc4 53. f5 Kg7 54. fxg6 fxg6 55. Kg2 Kf6 56.
Rg5 Rc3 57. Kf1 Rc2 58. Kg2 Rc4 59. Kf3 Rxa4 60. Rxc5 Ra3+ 61. Kf4 Ra4+ 62.
Ke3 Ra3+ 1/2-1/2

[Event "22nd Open"]
[Site "Cappelle la Grande FRA"]
[Date "2006.02.23"]
[Round "7"]
[White "Yandemirov,V"]
[Black "Shneider,A"]
[Result "1-0"]
[WhiteElo "2503"]
[BlackElo "2529"]
[EventDate "2006.02.18"]

1. e4 c5 2. Nf3 d6 3. d4 cxd4 4. Nxd4 Nf6 5. f3 e5 6. Bb5+ Nbd7 7. Nf5 d5
8. exd5 a6 9. Ba4 b5 10. Bb3 Nc5 11. Ne3 Nxb3 12. axb3 Bc5 13. c4 Nh5 14.
g3 O-O 15. Nc3 f5 16. Nc2 Bb6 17. Be3 Bxe3 18. Nxe3 f4 19. Nf1 Bh3 20. g4
Qh4+ 21. Ke2 Nf6 22. Qe1 Qh6 23. Nd2 e4 24. Ncxe4 Rae8 25. Rxa6 Bg2 26. Kd3
Bxh1 27. Rxf6 gxf6 28. Qxh1 Qg7 29. Qa1 f5 30. gxf5 Rxf5 31. Nd6 Re3+ 32.
Kc2 Rf8 33. N6e4 Qg6 34. Qf1 Qf5 35. Qg2+ Kh8 36. Qg5 Qxg5 37. Nxg5 Re2 38.
d6 h6 39. Nge4 Rxh2 40. Kd3 Rd8 41. c5 Rh1 42. Kd4 h5 43. c6 Rc1 44. Kd5 h4
45. Nc3 b4 46. c7 Rg8 47. d7 bxc3 48. c8=Q cxd2 49. Qxg8+ Kxg8 50. d8=Q+
Kf7 51. Qd7+ Kf8 52. Ke4 1-0

[Event "22nd Open"]
[Site "Cappelle la Grande FRA"]
[Date "2006.02.23"]
[Round "7"]
[White "Miroshnichenko,E"]
[Black "Kveinys,A"]
[Result "0-1"]
[WhiteElo "2619"]
[BlackElo "2517"]
[EventDate "2006.02.18"]

1. d4 Nf6 2. c4 e6 3. Nf3 b6 4. a3 Bb7 5. Nc3 d5 6. Bg5 Be7 7. e3 O-O 8.
Rc1 dxc4 9. Bxc4 Nbd7 10. O-O c5 11. Qe2 a6 12. Rfd1 b5 13. Ba2 c4 14. Bb1
Nd5 15. Nxd5 exd5 16. Bf4 Re8 17. Ne5 Nf6 18. g4 Ne4 19. f3 Nd6 20. Qc2 g6
21. h4 Bxh4 22. Kg2 f5 23. Rh1 Bf6 24. Rcg1 Re7 25. Kf1 Rg7 26. gxf5 Nxf5
27. Qh2 Nh4 28. Ke2 Bc8 29. Bh6 Raa7 30. Nc6 Qc7 31. Nxa7 Qxh2+ 32. Rxh2
Rxa7 33. e4 Re7 34. Be3 Nf5 35. exf5 Bxd4 36. fxg6 Rxe3+ 37. Kd2 h6 38. Rh4
Rd3+ 39. Bxd3 Bxg1 40. Bc2 Kg7 41. Rh5 Be6 42. Re5 Kf6 43. Rxe6+ Kxe6 44.
Bf5+ Kf6 45. Bc8 Bd4 46. Bxa6 Bxb2 47. Bxb5 Bxa3 48. Bc6 d4 49. Bd5 Bb4+
50. Ke2 d3+ 51. Ke3 d2 52. Ke2 c3 53. Be4 Bd6 54. Bc2 h5 55. Kf2 Bf4 56.
Kg2 Be5 57. Kh3 Kg5 0-1

[Event "22nd Open"]
[Site "Cappelle la Grande FRA"]
[Date "2006.02.23"]
[Round "7"]
[White "Moroz,A"]
[Black "Roiz,M"]
[Result "1/2-1/2"]
[WhiteElo "2506"]
[BlackElo "2599"]
[EventDate "2006.02.18"]

1. e4 c6 2. d4 d5 3. e5 Bf5 4. h4 h5 5. c4 e6 6. Bg5 Qb6 7. Qd2 dxc4 8. Nc3
Qa6 9. Nge2 Ne7 10. Ng3 Bd3 11. Bxd3 cxd3 12. Rd1 Nd7 13. Qxd3 Nd5 14. Nxd5
cxd5 15. Kd2 b6 16. Rc1 Rc8 17. a3 1/2-1/2

[Event "22nd Open"]
[Site "Cappelle la Grande FRA"]
[Date "2006.02.23"]
[Round "7"]
[White "Belikov,V"]
[Black "Kulaots,K"]
[Result "1/2-1/2"]
[WhiteElo "2528"]
[BlackElo "2558"]
[EventDate "2006.02.18"]

1. e4 c5 2. Nc3 d6 3. f4 g6 4. Nf3 Bg7 5. Bc4 Nc6 6. O-O e6 7. d3 Nge7 8.
Qe1 O-O 9. f5 gxf5 10. Qh4 fxe4 11. dxe4 Ng6 12. Qh5 Nce5 13. Nxe5 Nxe5 14.
Be2 Bd7 15. Bg5 f6 16. Be3 Qe7 17. Rad1 Rad8 18. Rf4 Be8 19. Qh3 Bg6 20. g4
b6 21. Rff1 Qb7 22. Qg2 f5 23. exf5 Qxg2+ 24. Kxg2 exf5 25. Bg5 Rde8 26.
gxf5 Rxf5 27. Rxf5 Bxf5 28. Rxd6 Nf7 29. Bc4 Kf8 30. Bf4 Bxc3 31. Bxf7 Kxf7
32. bxc3 Re2+ 33. Kg3 Rxc2 34. Be5 Be6 35. a4 Ra2 36. Rc6 Rxa4 37. Bb8 Kf6
38. Rc7 Rc4 39. Bxa7 Rxc3+ 40. Kf2 Rc2+ 41. Kg3 h5 42. Bxb6 Rc3+ 43. Kf2
Rc2+ 44. Ke3 c4 45. Bd4+ Kf5 46. Rc5+ Kg6 47. Rc6 Kf5 48. Rc5+ Kg6 49. Rc6
1/2-1/2